00628nam a22001097a 4500040000800000082002700008100003900035245037200074260002600446300002700472856001900499 cRUA aAGR KHO 2015 B513 Or.1 aKHOEURN PEAPH, ឃឿន ភាព aComparison of different tomato varieties in sandy loam soil condition at royal university of agriculture, ការប្រៀបធៀបពូជប៉េងប៉ោះផ្សេងៗគ្នាក្រោមលក្ខខណ្ឌដីល្បាយខ្សាច់នៅសាកលវិទ្យាល័យភូមិន្ទកសិកម្ម aPhnom PenhbRUAc2015 axii; 42p.bill.c29cm. uKHOEURN PEAPH